000
00290nam a2200121Ia 4500
008
190216s9999||||xx |||||||||||||| ||und||
100
_a
Nagpal R L
245
0
_a
Fig Cultivation In India
260
_b
Indian Council Og Agri Research
_c
1966
300
_a
40p
650
_a
Botany
942
_c
BK
999
_c
1238
_d
1238